| 000 | 00334nam a2200133Ia 4500 | ||
|---|---|---|---|
| 005 | 20251222144720.0 | ||
| 008 | 251222s9999||||xx |||||||||||||| ||spa|| | ||
| 020 | _a84-301-1136-7 | ||
| 082 | _a238.11/B19 | ||
| 100 | _aVon Balthasar, Hans Urs | ||
| 245 | 0 | _aMeditaciones sobre el credo apostólico | |
| 264 | _bSigueme | ||
| 942 | _cLIB | ||
| 999 |
_c18191 _d18191 |
||